000 00566nam a2200205Ia 4500
005 20250923144631.0
008 008 250917s9999 xx 000 0 eng d
037 _aTextual
040 _aDSWL
_beng
_cDSWL
041 _aeng
_2eng
084 _qDSWL
100 _aSmith, R.P.
_9826834
245 0 _aWhere did you go out: What did you do? Nothing
_cby R.P. Smith
260 _aBistol, U.K.
_b U.K. World's Work Ltd. Kingwood
_c1958
300 _a124p.
365 _aUSD
_b7.5
925 _g7.5
942 _cTEXL
999 _c1441431
_d1441431